Ekonometrické problémy modelů racionálních očekávání

Teória racionálnych očakávaní má dôležitú úlohu v klasickej makroekonómii, i v neokynesiánskom ekonomickom myslení. Chovanie ekonomických subjektov závisí na odhade budúcich hodnôt. Adaptívne očakávanie. Racionálne očakávanie. Riešenie modelov racionálnych očakávaní. Aplikácia racionálnych očakávaní...

ver descrição completa

Na minha lista:
Detalhes bibliográficos
Autor principal: Hušek, Roman
Formato: Capítulo de Livro
Idioma:tcheco
Assuntos:
Tags: Adicionar Tag
Sem tags, seja o primeiro a adicionar uma tag!

MARC

LEADER 00000naa a2200000 4500
001 r016010
005 20220711134344.7
041 0 |a cze 
044 |a CZ 
245 1 0 |a Ekonometrické problémy modelů racionálních očekávání  |c R. Hušek 
520 |a Teória racionálnych očakávaní má dôležitú úlohu v klasickej makroekonómii, i v neokynesiánskom ekonomickom myslení. Chovanie ekonomických subjektov závisí na odhade budúcich hodnôt. Adaptívne očakávanie. Racionálne očakávanie. Riešenie modelov racionálnych očakávaní. Aplikácia racionálnych očakávaní v modele inflácie. 
610 2 0 |a modely ekonometrické 
610 2 0 |a modely makroekonomické 
610 2 0 |a makroekonomika 
610 2 0 |a politika hospodárska 
610 2 0 |a inflácia 
610 2 0 |a teória očakávaní racionálnych 
100 1 |a Hušek, Roman